000 01625nam0a2200337 i 4500
001 RU\NLR\bibl\2052266
005 20260408072430.0
010 _a9785903883912
_95000
021 _aRU
_b2013-46557
_93234
035 _a(NLR Aleph) 002039271
090 _a4588089
_c4588089
100 _a20130710d2013 u||y0rusy50 ca
101 0 _arus
102 _aRU
105 _aa g||||00yy
200 1 _aVolvo FH12 с 1998 по 2005 год выпуска
_eтехническое обслуживание, руководство по ремонту
_f[Диез]
210 _aСанкт-Петербург
_cДиез
_d2013
215 _a412 с.
_cил.
_d24
300 _aЗагл. обл.: Грузовые автомобили VOLVO FH12 модели с 1998 по 2005 год выпуска
512 1 _aГрузовые автомобили Volvo FH12 модели с 1998 по 2005 год выпуска
606 1 _aVolvo FH12, большегрузные автомобили
_jРуководства, пособия и т.п.
_xТехническое обслуживание
_92481488
_3RU\NLR\AUTH\661473046
606 _aVolvo FH12, большегрузные автомобили
_jРуководства, пособия и т.п.
_xРемонт
_92375270
_3RU\NLR\AUTH\661417511
686 1 _aО335.4-08я7
712 0 2 _4570
_a"Диез", издательство
_cСанкт-Петербург
_3RU\NLR\AUTH\8810214941
_9316252
801 0 _aRU
_bNLR
_c20130710
_gRCR
801 1 _aRU
_bNLR
_c20130710
942 _cBOOK
980 _aNBR